Uma Musume Characters by Picture #2 - Statistics

General Stats
  • This quiz has been taken 1,170 times
  • The average score is 15 of 16
Answer Stats
Picture Answer % Correct
Special Week
97%
Oguri Cap
96%
Silence Suzuka
96%
Rice Shower
95%
Agnes Digital
93%
Mayano Top Gun
93%
Grass Wonder
92%
Super Creek
91%
Air Groove
90%
King Halo
90%
Maruzensky
90%
Mejiro Ryan
90%
Winning Ticket
89%
Curren Chan
87%
Taiki Shuttle
85%
Smart Falcon
79%
No matching quizzes found
Score Distribution
Percent of People with Each Score
Percentile by Number Answered
Your Score History
You have not taken this quiz